<?xml version="1.0" encoding="UTF-8"?><?xml-stylesheet type="text/xsl" href="static/style.xsl"?><OAI-PMH xmlns="http://www.openarchives.org/OAI/2.0/" xmlns:xsi="http://www.w3.org/2001/XMLSchema-instance" xsi:schemaLocation="http://www.openarchives.org/OAI/2.0/ http://www.openarchives.org/OAI/2.0/OAI-PMH.xsd"><responseDate>2026-04-26T21:57:57Z</responseDate><request verb="GetRecord" identifier="oai:uvadoc.uva.es:10324/14636" metadataPrefix="marc">https://uvadoc.uva.es/oai/request</request><GetRecord><record><header><identifier>oai:uvadoc.uva.es:10324/14636</identifier><datestamp>2021-06-29T11:29:50Z</datestamp><setSpec>com_10324_38</setSpec><setSpec>col_10324_852</setSpec></header><metadata><record xmlns="http://www.loc.gov/MARC21/slim" xmlns:doc="http://www.lyncode.com/xoai" xmlns:xsi="http://www.w3.org/2001/XMLSchema-instance" xmlns:dcterms="http://purl.org/dc/terms/" xsi:schemaLocation="http://www.loc.gov/MARC21/slim http://www.loc.gov/standards/marcxml/schema/MARC21slim.xsd">
<leader>00925njm 22002777a 4500</leader>
<datafield tag="042" ind1=" " ind2=" ">
<subfield code="a">dc</subfield>
</datafield>
<datafield tag="720" ind1=" " ind2=" ">
<subfield code="a">Díaz Ledo, Belén</subfield>
<subfield code="e">author</subfield>
</datafield>
<datafield tag="260" ind1=" " ind2=" ">
<subfield code="c">2015</subfield>
</datafield>
<datafield tag="520" ind1=" " ind2=" ">
<subfield code="a">Con el reciente aumento de los niños con Trastorno del Espectro Autista (TEA) en las&#xd;
aulas de Educación Infantil aparece un interés por ofrecer un tratamiento óptimo para su&#xd;
desarrollo evolutivo. Así, surge la Musicoterapia como disciplina alternativa e&#xd;
innovadora. Se pretende realizar la fusión del aprendizaje basado en la Expresión&#xd;
Musical y la utilización de la misma como terapia. Además, se plantea una propuesta de&#xd;
intervención educativa de Musicoterapia en el aula de Educación Infantil con la&#xd;
finalidad de lograr una inclusión perfecta entre todo el alumnado.</subfield>
</datafield>
<datafield tag="024" ind2=" " ind1="8">
<subfield code="a">http://uvadoc.uva.es/handle/10324/14636</subfield>
</datafield>
<datafield ind1=" " ind2=" " tag="653">
<subfield code="a">[pendiente de asignar]</subfield>
</datafield>
<datafield tag="245" ind1="0" ind2="0">
<subfield code="a">Musicoterapia y trastorno del espectro autista en las aulas de Educación Infantil</subfield>
</datafield>
</record></metadata></record></GetRecord></OAI-PMH>